000 00704nam a2200205 i 4500
001 26168
003 ES-MaACL
005 20251015063044.0
007 t|
008 030108s1981 ag ||||1| spa d
100 1 _aAron, Raymond,
_d1905-1983
_923155
245 1 4 _aLas etapas del pensamiento sociológico /
_cRaymond Aron ; [traducción de Anibal León].
260 _aBuenos Aires :
_bSiglo Veinte,
_c1981.
300 _a2 v. ;
_c20 cm.
505 8 _aContiene: I. Montesquieu, Comte, Marx, Tocqueville. -- II. Durkheim, Pareto, Weber.
650 4 _aSociología-
_vHistoria.
_917200
700 1 _aLeón, Anibal.
_971567
852 _aES-MaACL
_jL-8458-9
_bR.109065
999 _c26168
_d26168